Organizational behavior : (Record no. 15979)

MARC details
000 -LEADER
fixed length control field 00884nam a22002657i 4500
003 - CONTROL NUMBER IDENTIFIER
control field URS
005 - DATE AND TIME OF LATEST TRANSACTION
control field 20220117150904.0
008 - FIXED-LENGTH DATA ELEMENTS--GENERAL INFORMATION
fixed length control field 160621b xxu||||| |||| 00| 0 eng d
020 ## - INTERNATIONAL STANDARD BOOK NUMBER
International Standard Book Number 9781259254420
040 ## - CATALOGING SOURCE
Language of cataloging eng
Transcribing agency URS
Description conventions rda
050 00 - LIBRARY OF CONGRESS CALL NUMBER
Classification number HD 58.7
Item number .N479 2015
100 1# - MAIN ENTRY--PERSONAL NAME
Personal name Newstrom, John W.
Relator term author.
245 10 - TITLE STATEMENT
Title Organizational behavior :
Remainder of title human behavior at work /
Statement of responsibility, etc. John W. Newstrom, Ph.D., University of Minnesota Duluth.
250 ## - EDITION STATEMENT
Edition statement Fourteenth Edition.
264 #1 - PRODUCTION, PUBLICATION, DISTRIBUTION, MANUFACTURE, AND COPYRIGHT NOTICE
Place of production, publication, distribution, manufacture New York, NY :
Name of producer, publisher, distributor, manufacturer McGraw-Hill Education,
Date of production, publication, distribution, manufacture, or copyright notice [2015].
264 #4 - PRODUCTION, PUBLICATION, DISTRIBUTION, MANUFACTURE, AND COPYRIGHT NOTICE
Date of production, publication, distribution, manufacture, or copyright notice ©2015.
300 ## - PHYSICAL DESCRIPTION
Extent xx, 556 pages:
Other physical details illustrations ;
Dimensions 26 cm
336 ## - CONTENT TYPE
Content type term text
Source rdacontent
337 ## - MEDIA TYPE
Media type term unmediated
Source rdamedia
338 ## - CARRIER TYPE
Carrier type term volume
Source rdacarrier
504 ## - BIBLIOGRAPHY, ETC. NOTE
Bibliography, etc. note Includes bibliographical references(pages 528 -542) and index.
650 #0 - SUBJECT ADDED ENTRY--TOPICAL TERM
Topical term or geographic name entry element Organizational behavior.
650 #0 - SUBJECT ADDED ENTRY--TOPICAL TERM
Topical term or geographic name entry element Industrial sociology.
942 ## - ADDED ENTRY ELEMENTS (KOHA)
Source of classification or shelving scheme Library of Congress Classification
Koha item type Foreign Books
Holdings
Withdrawn status Source of classification or shelving scheme Damaged status Not for loan Collection code Home library Current library Shelving location Date acquired Source of acquisition Cost, normal purchase price Total Checkouts Full call number Barcode Date last seen Date last checked out Price effective from Koha item type
  Library of Congress Classification     Non-fiction Tanay College Library Tanay College Library Reserve Section 06/21/2016 Purchase 2582.00 1 HD58.7 .N479 2015 URSTAN-N2115 01/17/2017 12/01/2016 06/21/2016 Reserved Books

University of Rizal System
Email us at univlibservices@urs.edu.ph

Visit our Website www.urs.edu.ph/library